[Event "ISEM GM URLA-CESMEALTI 2017"]
[Site "URLA"]
[Date "2017.03.09"]
[Round "3"]
[White "Bagaturov, Giorgi"]
[Black "Kanmazalp, Ogulcan"]
[Result "1/2-1/2"]
[WhiteElo "2428"]
[BlackElo "2439"]
[Annotator "TA"]
[PlyCount "40"]
[EventDate "2017.??.??"]
[EventType "schev"]
[EventCountry "TUR"]
[SourceTitle "playchess.com"]
[Source "ChessBase"]
[SourceQuality "1"]

{[%evp 29,40,0,0,0,0,-7,0,-10,-12,-9,-4,-10,6]} 1. d4 e6 2. Nf3 c5 3. e3 Nf6 4. c4 a6 5. Nc3 d5 6. cxd5 exd5 7. dxc5 Bxc5 8. Be2 Nc6 9. O-O O-O 10. b3 d4 11. Na4 Ba7 12. exd4 Nxd4 13. Nxd4 Bxd4 14. Bb2 {D32: Tarrasch Defence: Sidelines and lines without g3} Bxb2 15. Nxb2 Be6 {LiveBook: 13 Games. The position is equal.} (15... Bf5 16. Bf3 {½-½ (16) Esen,B (2528)-Sanal,V (2475) Lienz 2017}) 16. Nc4 $146 (16. Bf3) 16... b5 17. Qxd8 Raxd8 18. Na5 Rd2 19. Bf3 Rfd8 20. a4 Bd5 1/2-1/2

[Event "ISEM GM URLA-CESMEALTI 2017"]
[Site "URLA"]
[Date "2017.03.09"]
[Round "4"]
[White "Ozer, Omer Faruk"]
[Black "Basso, Pier Luigi"]
[Result "1/2-1/2"]
[WhiteElo "2373"]
[BlackElo "2462"]
[Annotator "TA"]
[PlyCount "81"]
[EventDate "2017.??.??"]
[EventType "schev"]
[EventCountry "TUR"]
[SourceTitle "playchess.com"]
[Source "ChessBase"]
[SourceQuality "1"]

{[%evp 23,81,14,26,-10,17,0,0,0,-9,-12,0,-12,0,0,0,0,0,0,19,-7,36,0,0,0,0,0,0,0,0,0,0,-53,-53,-53,-58,-58,0,0,0,0,0,0,0,0,0,0,0,-16,-16,-16,0,0,0,0,0,0,112,0,0,-1285]} 1. e4 e5 2. Nf3 Nc6 3. Bb5 Nf6 4. O-O Nxe4 5. d4 Nd6 6. Bxc6 dxc6 7. dxe5 Nf5 8. Qxd8+ Kxd8 9. h3 Ke8 10. Nc3 h5 {C67: Ruy Lopez: Berlin Defence: 4 0-0 Nxe4} (10... h6 11. Rd1 Bd7 12. Bf4 Rd8 13. a4 h5 14. a5 Be7 15. a6 b6 16. Ng5 Bc8 17. Rxd8+ Bxd8 18. Rd1 Be7 19. Nce4 {1-0 (43) Vachier Lagrave,M (2796)-Gupta,A (2645) Caleta 2017}) 11. Rd1 b6 12. Ne2 Be7 {LiveBook: 7 Games} 13. b3 $146 (13. Bg5 Ba6 14. Nf4 f6 15. Ng6 fxg5 16. Nxh8 Be2 17. Ng6 Bxd1 18. Rxd1 {½-½ (35) Vachier Lagrave,M (2819)-Nakamura,H (2791) chess.com INT 2016}) 13... a5 14. a4 Bb7 15. Ned4 Nxd4 16. Nxd4 Rd8 17. Bb2 c5 18. Nb5 Rd7 19. f3 Rg8 20. c4 g5 21. Nc3 Kd8 22. Kf2 g4 {[#] And now ...gxh3 would win.} 23. hxg4 hxg4 24. Rxd7+ Kxd7 25. Rd1+ Ke6 {White must now prevent ...gxf3.} 26. Nd5 gxf3 27. gxf3 ({Of course not} 27. Nxc7+ Kf5 28. gxf3 Bh4+ 29. Ke3 Rg2 $17) (27. g3 $1 $11) 27... Bh4+ $1 $15 28. Ke3 Kf5 29. Bc3 Rg2 (29... Bg5+ $15 30. Ke2 Rh8 31. Nxc7 Rh2+ 32. Kd3 Bxf3) 30. Rh1 $11 Bg5+ 31. Kd3 Rf2 32. Rh3 Kg6 {[#] aiming for ...Bc8.} 33. Rg3 Kf5 34. Rh3 Bc8 {Threatens to win with ...Kg6.} 35. Nxc7 Kg6 {[%cal Rc8f5]} 36. e6 $1 fxe6 37. Be1 Rb2 {Hoping for ...e5.} 38. Bc3 Rf2 39. Be1 Rg2 (39... Rb2 $11 {keeps the balance.} 40. Rg3 Rxb3+ 41. Bc3 Kh6) 40. Rg3 ({White has to play} 40. Rh8 $16 Rg1 41. Bxa5 (41. Rxc8 Rxe1 42. Rg8+ Kf5 $11) 41... bxa5 42. Rxc8) 40... Rxg3 41. Ke4 $2 {[%mdl 40960] An unexpected result.} (41. Bxg3 $11 Bd7 42. Nb5) 1/2-1/2

[Event "ISEM GM URLA-CESMEALTI 2017"]
[Site "URLA"]
[Date "2017.03.09"]
[Round "4"]
[White "Koksal, Ege"]
[Black "Palac, Mladen"]
[Result "1/2-1/2"]
[WhiteElo "2369"]
[BlackElo "2582"]
[Annotator "TA"]
[PlyCount "25"]
[EventDate "2017.03.15"]
[EventType "schev"]
[EventCountry "TUR"]
[SourceTitle "playchess.com"]
[Source "ChessBase"]
[SourceQuality "1"]

{[%evp 19,24,12,23,20,19,6,13]} 1. d4 Nf6 2. c4 e6 3. Nf3 d5 4. Nc3 Bb4 5. Bg5 h6 6. Bxf6 Qxf6 7. e3 O-O 8. Rc1 dxc4 9. Bxc4 c5 10. dxc5 Bxc5 11. O-O {[#] Threatens to win with Ne4. D38: Queen's Gambit Declined: Ragozin Defence (4 Nf3 Bb4)} Qe7 12. Qe2 Nc6 13. Rfd1 $146 1/2-1/2

[Event "ISEM GM URLA-CESMEALTI 2017"]
[Site "URLA"]
[Date "2017.03.11"]
[Round "7"]
[White "Nevednichy, Vladislav"]
[Black "Arat, Ufuk Sezen"]
[Result "1-0"]
[WhiteElo "2547"]
[BlackElo "2382"]
[Annotator "TA"]
[PlyCount "135"]
[EventDate "2017.??.??"]
[EventType "schev"]
[EventCountry "TUR"]
[SourceTitle "playchess.com"]
[Source "ChessBase"]
[SourceQuality "1"]

{[%evp 13,135,12,29,20,11,6,25,25,29,33,27,34,32,1,8,-28,-18,-22,-18,0,-20,-22,0,0,0,-37,-58,-68,-41,-99,-89,-79,-62,-74,-64,-65,-71,-61,-65,-58,-14,-52,-57,-56,-57,-66,-53,-55,-51,-68,0,0,0,0,0,-6,0,0,0,0,0,-8,0,-8,0,0,0,-145,-143,-126,-63,-155,-192,-203,-183,-137,-60,-85,0,0,8,8,8,8,8,8,58,64,854,863,774,518,2551,2192,2872,2317,1414,1230,1379,1429,1460,3921,2606,4633,4787,3260,4900,2667,2573,1855,29976,29976,29976,29977,29977,29978,29984,29985,29987,29988,29988,29989,29989,29990]} 1. e4 c6 2. d4 d5 3. exd5 cxd5 4. Bd3 Nc6 5. c3 Qc7 6. Na3 {B13: Caro-Kann: Exchange Variation and Panov-Botvinnik Attack} (6. Ne2 Bg4 7. O-O e6 8. Qe1 Bxe2 9. Qxe2 Nf6 10. Nd2 Bd6 11. g3 O-O 12. f4 Rae8 13. Nf3 Nd7 14. Bd2 f5 {1-0 (34) Yu,Y (2729)-Dreev,A (2652) Doha 2016}) 6... a6 7. Nc2 Nf6 {LiveBook: 13 Games} 8. Ne2 {White has an edge.} Bg4 9. f3 Bh5 10. Bf4 Qd7 11. h4 $146 (11. O-O Bg6 12. Ng3 e6 13. Re1 Bd6 14. Be5 Nxe5 15. dxe5 {½-½ (27) Lengyel,B (2290)-Battey,A (2269) Budapest 2011}) 11... e6 12. g4 Bg6 13. Ne3 Bd6 14. Kf2 Bxd3 15. Qxd3 h5 16. g5 Ng8 17. g6 f6 18. c4 Nge7 19. Bxd6 Qxd6 20. c5 Qd7 21. a3 (21. Rad1 $15) 21... e5 22. b4 O-O 23. Rad1 Rad8 24. Rhg1 Qh3 25. Rh1 Qe6 26. Rhg1 f5 {White must now prevent ...e4.} 27. f4 e4 28. Qc3 Nxg6 {[%cal Be7g6,Bg6h4,Bh4f3][%mdl 32]} 29. Rg5 Nxh4 {And now ...g6 would win.} 30. Rh1 Nf3 31. Rgxh5 Rf6 (31... Rd7 $15) 32. Rh8+ $11 Kf7 33. Rxd8 Nxd8 34. Qb3 Rh6 35. Rxh6 gxh6 36. Qxd5 Qxd5 37. Nxd5 {[%mdl 4096] Endgame KNN-KNN} Ne6 38. Ke3 Ne1 39. Kd2 Ng2 40. Ne3 {[#]} (40. a4 $1 $11 {keeps the balance.}) 40... Nxe3 $1 $17 (40... Ngxf4 41. Nxf4 (41. Nxf5 Nxe2 42. Kxe2 Kf6 43. Nxh6 Nxd4+ 44. Ke3 Ke5 $11) 41... Nxf4 42. Nxf5 $16) 41. Kxe3 {KN-KN} Nc7 {Hoping for ...Ke6.} 42. Kf2 ({White should try} 42. Ng3 $1 $15 Ke6 43. Nh5) 42... Ke6 43. Nc3 Nd5 44. Ne2 Kf6 (44... h5 $17 {Threatens to win with ...h4.} 45. Kg3 Nc7) 45. Kg3 Ne3 (45... Nc7 $17) 46. a4 $11 Nc2 (46... Nd5 $5 47. b5 $8 axb5 48. axb5 Ke6 $11) 47. b5 axb5 48. axb5 Ke6 49. Kh4 Ke7 50. Kh5 Na3 $2 {[%mdl 8192]} (50... Ke6 $14) 51. b6 $18 ({Weaker is} 51. Kxh6 Nxb5 52. d5 Kf6 $11) 51... Nc4 52. Kxh6 Na5 (52... Kd7 $142 53. Kg6 Ne3) 53. Kg5 Ke6 54. Nc3 e3 55. d5+ Kd7 56. Kxf5 Nb3 57. Ke4 e2 58. Nxe2 Nxc5+ 59. Kd4 Na4 60. Nc3 Nxb6 61. Ne4 Nc8 62. f5 {White mates.} Ne7 63. Nc5+ Ke8 64. Ke5 ({Worse is} 64. Nxb7 Nxf5+ 65. Ke4 Ne7 $11) 64... b5 65. Ke6 b4 66. d6 {[%cal Bd5d6,Bd6d7][%mdl 32]} Nc6 {[#]} 67. d7+ $1 Kf8 68. Kd6 1-0

[Event "ISEM GM URLA-CESMEALTI 2017"]
[Site "URLA"]
[Date "2017.03.11"]
[Round "7"]
[White "Benidze, Davit"]
[Black "Soysal, Serkan"]
[Result "1/2-1/2"]
[WhiteElo "2515"]
[BlackElo "2342"]
[Annotator "TA"]
[PlyCount "138"]
[EventDate "2017.??.??"]
[EventType "schev"]
[EventCountry "TUR"]
[SourceTitle "playchess.com"]
[Source "ChessBase"]
[SourceQuality "1"]

{[%evp 26,138,16,10,56,55,47,42,45,54,83,92,89,73,65,55,59,59,59,60,62,60,73,53,62,65,62,62,65,65,64,64,62,51,51,48,52,51,53,43,66,39,49,48,52,60,66,67,80,75,75,75,78,73,244,95,99,98,121,99,114,114,108,103,102,99,114,113,109,101,164,63,270,265,267,260,282,218,465,401,610,610,507,483,457,456,768,768,768,768,751,743,722,710,4775,4775,4775,4775,2097,1850,12797,12833,29981,29982,29982,29979,29979,29980,29981,29982,29982,29982,29981,0,0]} 1. Nf3 d5 2. c4 c6 3. g3 g6 4. Bg2 Bg7 5. cxd5 cxd5 6. d4 Nf6 7. Nc3 O-O 8. Ne5 e6 9. O-O Nfd7 10. f4 Nc6 11. Be3 Ndxe5 12. fxe5 f6 13. exf6 {D79: Fianchetto Grünfeld: Symmetrical Variation (6 0-0 c6 7 cxd5 cxd5)} Rxf6 14. Qd2 {LiveBook: 25 Games} Qb6 (14... Bd7 15. Rxf6 Qxf6 16. Rf1 Qe7 17. Kh1 Rf8 18. Rxf8+ Qxf8 19. Bg1 Qf6 20. e3 Kh8 {½-½ (33) Zilka,S (2532)-Borisek,J (2552) Meissen 2013}) 15. Rxf6 $146 {White is slightly better.} (15. Bf2 Bd7 16. e4 Raf8 17. exd5 Nxd4 18. dxe6 Bxe6 19. Nd5 Bxd5 20. Bxd5+ Kh8 21. Qxd4 Qxd4 22. Bxd4 Rxf1+ 23. Rxf1 Bxd4+ 24. Kg2 Rxf1 25. Kxf1 Bxb2 26. Bxb7 {½-½ (26) Porat,S (2343)-Tseitlin,M (2472) Ramat Aviv 2003}) 15... Bxf6 16. Rd1 Bd7 17. Bf2 Qa5 18. e4 dxe4 19. Nxe4 Qxd2 20. Nxf6+ Kf7 $1 21. Rxd2 Kxf6 22. Be3 Rc8 23. Rf2+ Kg7 24. d5 Nb4 25. dxe6 Bxe6 26. Bxb7 Rc7 27. Bf3 Nxa2 28. Rd2 Nb4 29. Bd4+ Kf7 30. Bc3 Na2 31. Be5 Rc5 32. Bd4 Rc7 33. Be4 Nb4 34. Bc3 Na2 35. Rf2+ Ke8 36. Bd2 Rc4 37. Bd3 Rd4 38. Bb5+ Ke7 39. Bf1 Nb4 $2 {[#]} (39... Ke8 $16) 40. Be3 (40. Bc3 $1 $18 {[%cal Rc3d4]} Rg4 41. Re2) 40... Rd5 $16 41. Bxa7 Nd3 42. Re2 Kd7 43. Rd2 Ne5 44. Bb5+ Kd6 45. Rxd5+ Kxd5 {[%mdl 4096] Endgame KBB-KBN} 46. b4 Bf5 47. Ba6 Nd3 (47... Nc6 $16 48. Bc5 Ne5) 48. b5 ({Only move:} 48. g4 $1 $18 {[%cal Rg4f5]} Be4 49. Bb7+ Ke5 50. Bxe4 Kxe4 51. b5) 48... Nb4 $2 (48... Nc5 $14) 49. Bb7+ $18 Kd6 50. Be3 Nd5 51. Bd4 Bd7 $2 (51... Ne7 52. Ba8 Bc8) 52. b6 Bc6 (52... Ne7 $142 53. Ba8 g5) 53. Bc8 Nb4 54. Bc3 Nd5 {[#]} 55. Ba5 $1 Ke5 (55... Nxb6 $142 56. Bxb6 Bd7) 56. b7 Bxb7 57. Bxb7 Ne3 58. Bc3+ Kf5 59. Bf3 h5 60. Kf2 Nc4 61. Be2 Nd6 62. Bd3+ Kg4 63. Bxg6 h4 64. gxh4 Kxh4 65. Kf3 Kg5 66. Bd3 Nf7 67. Kg3 Kh5 68. h4 Kh6 69. Kg4 $2 (69. Bd2+ {mates} Kh5 70. Be2+ Kg6 71. h5+ Kf6 72. h6 Nxh6 73. Bxh6 Ke5 74. Bg7+ Kd6 75. Bd4) 69... Ne5+ $1 1/2-1/2

[Event "ISEM GM URLA-CESMEALTI 2017"]
[Site "URLA"]
[Date "2017.03.11"]
[Round "7"]
[White "Petkov, Vladimir"]
[Black "Yurtseven, Melih"]
[Result "1/2-1/2"]
[WhiteElo "2501"]
[BlackElo "2316"]
[Annotator "TA"]
[PlyCount "92"]
[EventDate "2017.??.??"]
[EventType "schev"]
[EventCountry "TUR"]
[SourceTitle "playchess.com"]
[Source "ChessBase"]
[SourceQuality "1"]

{[%evp 15,92,22,57,12,26,18,16,0,4,13,43,28,30,-21,-23,-24,-25,-32,-7,-4,-6,-42,-50,-41,-58,-51,-47,-43,-37,-38,-15,-36,-30,-57,-53,-52,-53,-58,-58,-93,-88,-99,-38,-47,-42,-50,-36,-63,0,0,0,0,0,-110,-108,-115,-108,-102,-102,-100,-83,-150,-163,-220,-218,-318,-202,-218,-181,-164,-164,-171,0,0,0,0,0,0,0]} 1. d4 g6 2. Nf3 Bg7 3. e4 {[%cal Be2e4,Be4e5][%mdl 32]} d6 4. Bc4 Nf6 5. Qe2 O-O 6. h3 c6 7. e5 Nd5 8. O-O Na6 {[%cal Bb8a6,Ba6c7,Bc7e6,Be6f4][%mdl 32]} 9. a3 {B04: Alekhine's Defence: 4 Nf3} (9. Bb3 Nac7 10. Rd1 a5 11. a3 a4 12. Ba2 b5 13. Nbd2 Kh8 14. Nf1 Rb8 15. c4 bxc4 16. Qxc4 Ba6 17. Qxa4 {1-0 (41) Fridman,D (2569)-Wustefeld,C (2248) Netherlands 2007}) 9... Nac7 10. Re1 $146 (10. Bb3 b5 11. Nbd2 h6 12. Ne4 Be6 13. Ng3 Qd7 14. Qe4 f5 15. Qd3 Qe8 16. c3 Qf7 {1-0 (48) Yurtseven,M (2271)-Ataman,A (2141) Kocaeli 2014}) 10... a5 11. Nbd2 a4 12. Ne4 h6 13. Bd2 Ne6 14. Rad1 (14. Bxd5 $142 cxd5 15. Ng3) 14... Ndf4 $11 15. Bxf4 Nxf4 16. Qe3 Nxh3+ 17. gxh3 {[#] Black must now prevent d5.} d5 18. Ba2 dxe4 19. Nd2 Qb6 20. Qc3 Bf5 21. Nxe4 Bxe4 22. Rxe4 Rfd8 23. Rd3 e6 24. Rf3 Rd7 25. Ref4 Re8 26. Kg2 h5 27. Bc4 Bh6 28. Re4 Bc1 ({Black should play} 28... Ra8 $17 29. Rd3 Bc1) 29. b4 $15 axb3 30. Bxb3 ({Reject} 30. Qxb3 Qxb3 31. Rxb3 Ra8 $17) 30... Red8 {[%cal Rd7d4]} 31. Rd3 $1 c5 (31... Bh6 $15) 32. dxc5 $11 Qc6 33. f3 Bxa3 34. Ba4 (34. Bxe6 $1 $11 {keeps the balance.} Qxe6 35. Qxa3) 34... Rxd3 $17 35. cxd3 Qxc5 36. Qxc5 Bxc5 {[%mdl 4096] Endgame KRB-KRB} 37. Bb5 Ra8 {Strongly threatening ...Ra2+.} 38. Rc4 ({Better is} 38. Ra4 Rxa4 39. Bxa4) 38... Ra2+ 39. Kg3 (39. Kh1 $142 Bb6 40. Rb4) 39... Bf2+ $19 40. Kf4 (40. Kg2 {is a better defense.}) 40... h4 41. Rc7 Bg3+ 42. Ke3 Bxe5 43. Rxb7 {[#]} g5 $2 (43... Kf8 $1 $19 {Threatens to win with ...g5.} 44. Bc4 Rc2) 44. Be8 $1 $11 {The position is equal.} Bf4+ 45. Kd4 Kf8 46. Bxf7 Ra4+ 1/2-1/2

[Event "ISEM GM URLA-CESMEALTI 2017"]
[Site "URLA"]
[Date "2017.03.11"]
[Round "7"]
[White "Malakhatko, Vadim"]
[Black "Koksal, Ege"]
[Result "0-1"]
[WhiteElo "2488"]
[BlackElo "2369"]
[Annotator "TA"]
[PlyCount "79"]
[EventDate "2017.??.??"]
[EventType "schev"]
[EventCountry "TUR"]
[SourceTitle "playchess.com"]
[Source "ChessBase"]
[SourceQuality "1"]

{[%evp 19,79,17,27,0,1,-16,-18,-10,-12,-18,0,-38,-18,-22,-24,-41,0,-22,14,0,0,-12,-8,-13,-3,0,0,-12,-11,0,0,-29,-15,-159,-149,-130,-127,-293,-259,-270,-273,-265,-263,-385,0,-263,0,-352,-303,-287,-199,-193,-99,-87,-94,-29978,-29979,-29996,29989,-120,0,-153]} 1. c4 c6 2. Nf3 d5 3. e3 Nf6 4. Nc3 e6 5. d4 Nbd7 6. Bd3 Bd6 7. O-O O-O 8. Qc2 h6 9. b3 Qe7 {D46: Semi-Slav: 5 e3 Nbd7 6 Bd3, Black avoids the Meran} 10. Bb2 Re8 {LiveBook: 7 Games} 11. e4 {Strongly threatening e5.} (11. Rae1 dxc4 12. bxc4 e5 13. Nd2 exd4 14. exd4 Qxe1 15. Rxe1 Rxe1+ 16. Bf1 Re8 17. Nde4 Bf8 18. f3 Nxe4 19. fxe4 {½-½ (64) Walsh,H (2580)-Hamarat,T (2624) ICCF email 2010}) 11... dxc4 12. bxc4 {And now e5 would win.} e5 $1 13. d5 $146 (13. Ne2 exd4 14. Nexd4 Ne5 15. Nxe5 Bxe5 16. Nb3 Ng4 17. h3 Bxb2 18. Qxb2 {0-1 (40) Doettling,F (2518)-Gabriel,C (2545) Germany 2002}) 13... Nc5 14. Nd2 Bd7 15. Nb3 Rac8 16. Nxc5 Bxc5 17. Qb3 Bd4 18. Ba3 c5 19. Rae1 Nh5 20. Ne2 Nf4 21. Nxd4 {Hoping for Nf5.} Qg5 $36 {[%csl Gf4][%cal Rg5g2][%mdl 2048] Black has some pressure.} 22. g3 cxd4 (22... exd4 $6 23. Bc1 Nh3+ 24. Kg2 $16) (22... Nxd3 $2 23. Nf3 (23. Qxd3 exd4 24. f4 Qf6 $11) 23... Qh5 24. Qxd3 $18) 23. f3 Nxd3 24. Qxd3 Bb5 25. f4 exf4 ({Weaker is} 25... Bxc4 26. Qxc4 (26. fxg5 Bxd3 27. Rf3 Ba6 28. gxh6 gxh6 $17) 26... Rxc4 27. fxg5 $18) 26. Rc1 {[#]} (26. Qxd4 Rxc4 27. Qb2 fxg3 $19) (26. cxb5 $11 {remains equal.} Rc3 27. Qxd4 Rxa3 28. Qc5) 26... Rxc4 $1 $17 27. Rxc4 fxg3 28. Rf3 $2 (28. Bd6 $17 Bxc4 29. Qxc4 Qe3+ 30. Kg2) 28... gxh2+ 29. Kxh2 Qh4+ 30. Kg2 Qg4+ 31. Kf2 (31. Rg3 {was the only chance.} Bxc4 32. Qxc4 Qxe4+ 33. Rf3) 31... Qh4+ 32. Kg2 Qg4+ 33. Kf2 $1 Bxc4 34. Qxc4 Qxe4 {aiming for ...Qe1+.} 35. Bb4 {[#]} Qh4+ (35... b5 $1 $19 {[%mdl 512]} 36. Qd3 (36. Qxb5 d3) 36... Qxd5) 36. Kg2 Qg4+ 37. Kf2 $2 {[%mdl 8192]} (37. Rg3 $17 Qe4+ 38. Rf3) 37... Re3 $1 38. Rg3 Re8 (38... Qxg3+ {and life is good for Black.} 39. Kf1 Qf4+ 40. Kg1 Rg3+ 41. Kh2 Qh4#) 39. Kg2 $2 (39. Rxg4 {mates} d3 40. d6 g5 41. d7 Ra8 42. Qxd3 Kg7 43. Bc3+ f6 44. d8=Q) 39... Qh4 (39... Qe4+ $17 40. Rf3 Re5) 40. Rf3 $2 (40. d6 $11 Qe4+ 41. Rf3) 0-1

[Event "ISEM GM URLA-CESMEALTI 2017"]
[Site "URLA"]
[Date "2017.03.11"]
[Round "7"]
[White "Petrov, Marian"]
[Black "Dedebas, Emre Emin"]
[Result "1-0"]
[WhiteElo "2480"]
[BlackElo "2342"]
[Annotator "TA"]
[PlyCount "41"]
[EventDate "2017.??.??"]
[EventType "schev"]
[EventCountry "TUR"]
[SourceTitle "playchess.com"]
[Source "ChessBase"]
[SourceQuality "1"]

{[%evp 23,41,0,54,40,64,58,71,68,64,68,118,111,181,122,136,130,181,173,368,367]} 1. e4 e5 2. Nf3 Nc6 3. Bc4 Bc5 4. d3 Nf6 5. O-O d6 6. c3 a6 7. Bb3 Ba7 8. h3 h6 9. Re1 O-O 10. Nbd2 {[%cal Bb1d2,Bd2f1,Bf1g3][%mdl 32]} Nh5 11. Nf1 Qf6 12. Be3 Nf4 ({Black should play} 12... Bxe3 $11 13. Nxe3 Qg6) 13. Ng3 {C54: Giuoco Piano: 4 c3 Nf6, main lines with 5 d4 and 5 d3} (13. d4 Ne7 14. Ng3 Neg6 15. Bc2 Nh4 16. Nxh4 Qxh4 17. Qf3 g6 18. Bxf4 Qxf4 19. Qxf4 exf4 20. Ne2 f3 21. Ng3 c5 22. d5 Re8 23. h4 fxg2 24. Kxg2 {1-0 (50) Ganguly,S (2668)-Kayumov,S (2505) Doha 2016}) 13... g6 14. d4 h5 15. a4 {[%cal Ba2a4,Ba4a5][%mdl 32] White is better.} Re8 16. a5 Rd8 $146 (16... h4 17. Nf1 exd4 18. Bxf4 Qxf4 19. cxd4 Bd7 20. Rc1 Rac8 {½-½ (48) Ruefenacht,M (2436)-Rybak,M (2452) ICCF email 2011}) 17. Qd2 Re8 (17... Nxh3+ $16 18. gxh3 Qxf3) 18. h4 (18. Bxf4 $18 Qxf4 19. Qxf4 exf4 20. Ne2) 18... Bg4 {[#] aiming for ...Nxg2!} 19. Ng5 Re7 (19... Nd8 $16 20. Nf1 Rf8) 20. Kh2 $18 Rd7 $2 (20... Bd7 {was necessary.} 21. Bxf4 Qxf4 22. Qxf4 exf4) 21. f3 1-0

[Event "ISEM GM URLA-CESMEALTI 2017"]
[Site "URLA"]
[Date "2017.03.11"]
[Round "7"]
[White "Basso, Pier Luigi"]
[Black "Gokerkan, Cem Kaan"]
[Result "1-0"]
[WhiteElo "2462"]
[BlackElo "2275"]
[Annotator "TA"]
[PlyCount "113"]
[EventDate "2017.??.??"]
[EventType "schev"]
[EventCountry "TUR"]
[SourceTitle "playchess.com"]
[Source "ChessBase"]
[SourceQuality "1"]

{[%evp 22,113,88,72,82,75,97,78,71,27,127,113,100,181,184,197,205,0,0,0,0,0,0,0,0,0,0,0,0,0,0,0,0,0,0,0,41,0,76,18,127,136,129,97,105,91,85,38,72,47,47,44,68,67,75,67,76,63,87,83,91,85,139,122,119,130,116,131,118,126,210,220,224,222,298,268,303,305,274,240,294,293,273,264,439,439,621,614,602,598,29956,11264,29998,29999]} 1. e4 c5 2. Nf3 d6 3. d4 cxd4 4. Nxd4 Nf6 5. Nc3 a6 6. Bg5 e6 7. f4 Nbd7 8. Qe2 {B96: Sicilian Najdorf: 6 Bg5 e6 7 f4, lines other than 7...Qb6 and 7...Be7} h6 (8... Qc7 9. O-O-O b5 10. a3 Bb7 11. g4 Rc8 12. Bxf6 gxf6 13. h4 Qb6 14. Rh3 h5 15. f5 e5 16. Nb3 hxg4 17. Qxg4 b4 18. axb4 Qxb4 {1-0 (54) Kramnik,V (2808)-Gelfand,B (2743) Moscow 2016}) 9. Bh4 Qc7 10. O-O-O Be7 11. g4 g5 12. fxg5 {LiveBook: 20 Games} hxg5 13. Bxg5 b5 14. a3 Rb8 $146 (14... Ne5 15. Rg1 Rb8 {1-0 (49) Yilmaz,M (2477)-Aveskulov,V (2538) Kharkov 2011}) 15. Qe1 Ne5 ({Much worse is} 15... Nxg4 16. Bxe7 Kxe7 {[#]} 17. Nf5+ $1 {[%mdl 512]} Kf8 18. Nxd6 $16) (15... b4 $11 {remains equal.} 16. axb4 Rxb4) 16. Be2 Nfxg4 17. Bxe7 (17. h4 $16) 17... Qxe7 $18 (17... Kxe7 $2 {[#]} 18. Nf5+ $1 {[%mdl 512]} Kf8 19. Nxd6 $18) 18. Bxg4 $1 Qg5+ 19. Qd2 $2 (19. Kb1 $18 {Strongly threatening Rg1.} Qxg4 20. Nb3) 19... Qxd2+ $1 $11 ({Don't take} 19... Qxg4 $2 {[#]} 20. Nf5 $1 {[%mdl 512]} d5 21. Rhg1 $18) 20. Rxd2 {And now Be2 would win.} Nxg4 21. Nc6 Rb6 22. Rxd6 {[%csl Gc6][%cal Rd6d8]} Bd7 23. Rhd1 Rxc6 24. Rxd7 Rxh2 25. Ra7 Ne3 26. Re1 Nc4 {[#]} 27. Nd5 $1 {[%mdl 512] aiming for Rg1.} Ne5 (27... exd5 28. exd5+) 28. Nb4 {Rg1 is the strong threat.} Rc4 29. b3 {[#]} Rc5 (29... Rcxc2+ $1 $11 {[%mdl 512] keeps the balance.} 30. Nxc2 Nd3+ 31. Kd1 Nb2+ 32. Kc1 Nd3+ 33. Kd1 Nb2+ 34. Kc1 Nd3+) 30. Rxa6 (30. Rd1 $16) 30... Nf3 (30... Rcxc2+ $1 $11 31. Nxc2 Nd3+ 32. Kb1 Nxe1 33. Nxe1 Rh1) 31. Rd1 Re2 32. Rf1 Ne5 33. Ra7 Kf8 34. Kb1 Kg7 35. Rf4 Kg6 36. Ra8 $36 {[%mdl 2048] White is more active.} Kg7 37. Rd8 Re1+ 38. Kb2 Re2 {[#]} 39. Kc1 $1 Rg2 40. Rd2 Rg1+ 41. Kb2 Ng6 (41... Rc7 $142) 42. Rff2 Rg4 43. Nd3 Rh5 44. Rde2 Rhh4 45. Nc5 Rh5 {[#]} (45... Rh8 $16 {is a better defense.} 46. Rg2 Rxg2 47. Rxg2 Rh5) 46. Nb7 $1 $18 Nf4 47. Re3 Re5 48. Nd6 f6 49. Ref3 Nh5 50. Ne8+ Kf7 51. Nxf6 Nxf6 52. Rxf6+ {KRR-KRR} Ke7 $2 (52... Kg7 53. R2f4 Rg3) 53. Rf7+ Kd6 (53... Ke8 $142 54. Ra7 Rh4) 54. Rd2+ Kc6 55. Rfd7 {Threatening mate with R2d6+.} b4 56. axb4 (56. R2d6+ $142 Kc5 57. axb4+ Kxb4 58. c3+ Kb5 59. b4 Rgxe4 60. Rb7+ Kc4 61. Rc7+ Kb5 62. Kb3) 56... Rgxe4 57. R2d6+ 1-0